Responses for Show #2180 - Friday, February 11, 1994

Contestants

[<< previous game]

Tina Kaidanow, a Ph.D. candidate from Lutherville, Maryland

Hanson Yoo, an insurance auditor originally from Seoul, Korea

David Kraut, a writer from Roosevelt Island, New York (whose 1-day cash winnings total $7,801)

[next game >>]

Jeopardy! Round responses

DEM BONES
MOVIE MONSTERS
20th CENTURY TRIVIA
U.S. CITIES
ILLEGAL LINGO
COOKING "A", "B", "C"s
(Alex: The correct response will begin with the letter A, B, or C, or perhaps all three.)
    $100 26
(David: What's the funny bone?)

the humerus

DavidTina
    $100 4
Godzilla

Tina
    $100 2
a countdown

Tina
    $100 1
(Hanson: What is Hawaii?)

Honolulu

HansonTina
    $100 16
the palm

David
    $100 21
(Tina: What's a pie?)

a Betty

DavidTina
    $200 27
the skull

Tina
    $200 5
The Blob

David
    $200 3
Eliot Ness

Hanson
    $200 12
New Orleans

Hanson
    $200 17
bootleg

Hanson
    $200 22
clove

David
    $300 28
the atlas

David
    $300 6
a werewolf

Tina
    $300 9
K-rations

Hanson
    $300 13
Boston

David
    $300 18
(Tina: What's whitewashing?)

laundering

DavidTina
    $300 23
aspic

David
    $400 29
the mandible

Hanson
    $400 7
a Mummy

Tina
    $400 10
Joe Palooka

Hanson
    $400 14
Pittsburgh

David
    $400 19
payola

Tina
    $400 24
anchovy paste

Triple Stumper
    $500 30
the hammer & the anvil

David
    $500 8
(Tina: What's The Terminator?)

the Predator

HansonTina
    $500 11
Baby M

Tina
    $500 15
Columbia, South Carolina

David
    $500 20
a boiler room

David
    $500 25
blueberries

Triple Stumper

Scores at the first commercial break (after clue 15):

David Hanson Tina
$1,400 $1,500 $1,000

Scores at the end of the Jeopardy! Round:

David Hanson Tina
$3,600 $2,100 $1,300

Double Jeopardy! Round responses

VIETNAM
FAMOUS NAMES
RELIGION
MUSIC
PLANTS & TREES
AMERICAN AUTHORS
    $200 1
Ho Chi Minh

Tina
    $200 18
Nancy Reagan

Tina
    $200 13
Ave Maria

David
    $200 23
Gershwin

Hanson
    $200 11
water

David
    $200 6
Stephen King

Tina
    $400 2
France

David
    $400 19
Thomas Jefferson

David
    $400 14
a ram's horn

Tina
    $400 28
Ford

Tina
    $400 12
a spider plant

Tina
    $400 7
Washington Irving

Tina
    $600 3
Tet

David
    $600 20
Jesse Helms

Tina
    $1,700 15
(Tina: What's the Bible?)
(Alex: No, sorry. The Deseret alphabet was the important clue there.)

The Book of Mormon

Tina
    $600 29
Britannia

David
    $600 30
a plum

Hanson
    $600 8
Michener

David
    $800 4
the Mekong

Tina
    $1,200 21
(Tina: Who was Hoover?)

Rutherford Birchard Hayes

Tina
    $800 17
jihads

Tina
    $800 26
(Johann Sebastian) Bach

Hanson
    $800 27
a spruce

David
    $800 9
(Irwin) Shaw

David
    $1000 5
(David: What is Hue?)
(Hanson: What is Tonkin?)

Haiphong

DavidHanson
Triple Stumper
    $1000 22
Jane Addams

David
    $1000 16
(2 of) Brahma, Vishnu, or Shiva

Tina
    $1000 24
(Tina: Who is Napoleon?)

Lord Nelson

Tina
Triple Stumper
    $1000 25
(David: What is ivy?)

Philodendron

David
Triple Stumper
    $1000 10
Erskine Caldwell

Triple Stumper

Scores at the end of the Double Jeopardy! Round:

David Hanson Tina
$7,200 $2,700 $2,800
(lock game)

[wagering suggestions for these scores]

Final Jeopardy! Round responses

ISLANDS
(Hanson: It's a private joke. It was either that or Rat Island, but I...)
[Laughter]
HansonWhat is deer map
$2,700
TinaWhat is Roosevelt Island?
$2,800
DavidWhat is Staten Island?
$0
Staten Island

Final scores:

David Hanson Tina
$7,200 $0 $0
2-day champion: $15,001 3rd place: Wallace Silversmiths candelabra + Wheel of Fortune & Jeopardy! games for the Super Nintendo & Sega Genesis 2nd place: trip to Hershey, Pennsylvania

Game dynamics:

Coryat scores:

David Hanson Tina
$7,200 $2,700 $5,700
22 R
(including 1 DD),
3 W
10 R,
2 W
20 R,
6 W
(including 2 DDs)

Combined Coryat: $15,600

[game clues] [game scores] [suggest correction]

Game tape date: 1993-11-30
The J! Archive is created by fans, for fans. Scraping, republication, monetization, and malicious use prohibited; this site may use cookies and collect identifying information. See terms. The Jeopardy! game show and all elements thereof, including but not limited to copyright and trademark thereto, are the property of Jeopardy Productions, Inc. and are protected under law. This website is not affiliated with, sponsored by, or operated by Jeopardy Productions, Inc. Join the discussion at JBoard.tv.